Etiudy po psikhologii tvorchestva A.S. Pushkina : opyt organicheskogo ponimaniia "Domika v Kolomne", "Proroka" i malenkikh tragedii /

Bibliographic Details
Main Author: Ermakov, Ivan Dmitrievich, 1875-
Format: Book
Language:Russian
Published: Ann Arbor, Mich. : Ardis, 1980.
Series:Psikhologicheskaia i psikhoanaliticheskaia biblioteka. Seriia po khudozhestvennomu tvorchestvu ; vyp. 14.
Subjects:

MARC

Tag First Indicator Second Indicator Subfields
LEADER 00000cam a2200000 a 4500
001 in00000074179
005 20151008060228.0
008 811015r19801923miu b 00010 rusrd
035 |a (OCoLC)07851378 
035 |9 AAJ5345AM 
040 |a CUT  |c CUT  |d TXA  |d UtOrBLW 
049 |a TXAM  |c [1442714] 
090 |a PG3356  |b .E7 1980 
100 1 |a Ermakov, Ivan Dmitrievich,  |d 1875- 
245 1 0 |a Etiudy po psikhologii tvorchestva A.S. Pushkina :  |b opyt organicheskogo ponimaniia "Domika v Kolomne", "Proroka" i malenkikh tragedii /  |c Iv. Dm. Ermakov. 
264 1 |a Ann Arbor, Mich. :  |b Ardis,  |c 1980. 
300 |a 192 pages ;  |c 21 cm. 
336 |a text  |b txt  |2 rdacontent 
337 |a unmediated  |b n  |2 rdamedia 
338 |a volume  |b nc  |2 rdacarrier 
490 1 |a Psikhologicheskaia i psikhoanaliticheskaia biblioteka. Seriia po khudozhestvennomu tvorchestvu ;  |v vyp. 14 
500 |a Reprint. Originally published : Moskva : Gosudarstvennoe, l923. 
500 |a In Cyrillic characters. 
504 |a Includes bibliographical references. 
600 1 0 |a Pushkin, Aleksandr Sergeevich,  |d 1799-1837. 
830 0 |a Psikhologicheskaia i psikhoanaliticheskaia biblioteka.  |p Seriia po khudozhestvennomu tvorchestvu ;  |v vyp. 14. 
999 |a MARS 
999 f f |s ecfc2a0e-2657-31fa-bb7c-65843c55e848  |i 5e158805-abae-3b3f-9774-541414f7707a  |t 0 
952 f f |p ric  |a Texas A&M University  |b Rellis Campus  |c Joint Library Facility  |d Remote Storage  |t 0  |e PG3356 .E7 1980  |h Library of Congress classification  |i unmediated -- volume  |m A14806175478 
998 f f |a PG3356 .E7 1980  |t 0  |l Remote Storage